Biologická rozložiteľnosť priemyselnej odpadovej vody v porovnaní jej možnosti čistenia pomocou sorpcie

Salvato in:
Dettagli Bibliografici
Autore principale: Žgančíková, Zlatica (Autore)
Altri autori: Imreová, Zuzana (Relatore della tesi)
Natura: Manoscritto Libro
Lingua:slovacco
Pubblicazione: 2024
Soggetti:
Accesso online:http://is.stuba.sk/zp/portal_zp.pl?podrobnosti=185614
Tags: Aggiungi Tag
Nessun Tag, puoi essere il primo ad aggiungerne!!

MARC

LEADER 00000ntm a22000003a 4500
001 stuzp99109
003 SK-STU
005 20240622210710.5
007 ta
008 150427s2015----xo-----f-mn---000-0-slo-d
040 |a STU  |b slo 
041 0 |a slo 
100 1 |a Žgančíková, Zlatica  |u 046290  |4 aut  |U FCHPT Ústav chemického a environmentálneho inžinierstva  |T FCHPT Oddelenie environmentálneho inžinierstva  |X 104836  |U C6290  |Y 120  |7 104836 
242 0 1 |a Biodegradability of industrial wastewater compared to its treatment potential by sorption  |y eng 
245 1 0 |a Biologická rozložiteľnosť priemyselnej odpadovej vody v porovnaní jej možnosti čistenia pomocou sorpcie 
260 |c 2024 
650 4 |a etylénglykol  |2 slo 
650 4 |a biodegradácia  |2 slo 
650 4 |a adsorpcia  |2 slo 
650 4 |a ethylene glycol  |2 eng 
650 4 |a biodegradation  |2 eng 
650 4 |a adsorption  |2 eng 
700 1 |a Imreová, Zuzana  |u 046290  |k Z1  |4 ths  |U FCHPT Ústav chemického a environmentálneho inžinierstva  |T FCHPT Oddelenie environmentálneho inžinierstva  |X 25622  |U C6290  |Y 120  |7 A000025622 
856 4 |u http://is.stuba.sk/zp/portal_zp.pl?podrobnosti=185614